[Event "GER-chT U20 Girls"]
[Site "Naunhof"]
[Date "2005.12.28"]
[Round "3.4"]
[White "Wieczorek, Ramona"]
[Black "Soldado Osuna, Inmaculada"]
[Result "0-1"]
[WhiteElo "814"]
[BlackElo "1064"]
[PlyCount "60"]
[EventDate "2005.12.27"]
[EventType "team-swiss"]
[EventRounds "7"]
[EventCountry "GER"]
[SourceTitle "CBM 110 Extra"]
[Source "ChessBase"]
[SourceDate "2006.03.10"]
[SourceVersion "2"]
[SourceVersionDate "2006.03.10"]
[SourceQuality "1"]

1. e4 e5 2. Nf3 Nc6 3. Bb5 Nd4 4. Bc4 Nc6 5. d3 Be7 6. Nc3 Nf6 7. Ng5 0-0 8. Be3 Nxe4 9. Ngxe4 d5 10. Bb3 dxe4 11. Nxe4 Na5 12. c3 Nxb3 13. Qxb3 Qxd3 14. Nc5 Bxc5 15. Bxc5 Re8 16. Rd1 Qe4+ 17. Be3 Qxg2 18. Kd2 Rd8+ 19. Kc1 Be6 20. Rxd8+ Rxd8 21. Rd1 Rxd1+ 22. Qxd1 h6 23. h4 a6 24. Qd8+ Kh7 25. Qxc7 Qh1+ 26. Kd2 Qd5+ 27. Ke2 Bg4+ 28. Kf1 Qd1+ 29. Kg2 Qf3+ 30. Kg1 Bh3 0-1

[Event "GER-chT U20 Girls"]
[Site "Naunhof"]
[Date "2005.12.27"]
[Round "2.4"]
[White "Behm, Lisa"]
[Black "Wieczorek, Ramona"]
[Result "1-0"]
[WhiteElo "1268"]
[BlackElo "814"]
[PlyCount "69"]
[EventDate "2005.12.27"]
[EventType "team-swiss"]
[EventRounds "7"]
[EventCountry "GER"]
[SourceTitle "CBM 110 Extra"]
[Source "ChessBase"]
[SourceDate "2006.03.10"]
[SourceVersion "2"]
[SourceVersionDate "2006.03.10"]
[SourceQuality "1"]

1. e4 e5 2. Nf3 Nc6 3. d4 d6 4. dxe5 dxe5 5. Qxd8+ Kxd8 6. Nc3 Bb4 7. Bd2 Nf6 8. 0-0-0 Ke7 9. Bd3 Bxc3 10. Bxc3 Ng4 11. Rdf1 Be6 12. Kb1 f6 13. h3 Nh6 14. Nd2 Rhf8 15. f4 exf4 16. Rxf4 g5 17. Rff1 a6 18. e5 fxe5 19. Bxh7 Rad8 20. Nf3 g4 21. Nxe5 gxh3 22. Nxc6+ bxc6 23. Bb4+ Kd7 24. Rxf8 hxg2 25. Rxd8+ Kxd8 26. Rg1 Bd5 27. Bd2 Ng4 28. Bf5 Nf2 29. Be3 Nh1 30. Bh3 Ng3 31. Bxg2 Ne2 32. Rd1 Ke7 33. Bxd5 cxd5 34. Rxd5 Ke6 35. Ra5 1-0

[Event "GER-chT U20 Girls"]
[Site "Naunhof"]
[Date "2005.12.27"]
[Round "1.4"]
[White "Spangenberg, Pia"]
[Black "Wieczorek, Ramona"]
[Result "0-1"]
[WhiteElo "1229"]
[BlackElo "814"]
[PlyCount "96"]
[EventDate "2005.12.27"]
[EventType "team-swiss"]
[EventRounds "7"]
[EventCountry "GER"]
[SourceTitle "CBM 110 Extra"]
[Source "ChessBase"]
[SourceDate "2006.03.10"]
[SourceVersion "2"]
[SourceVersionDate "2006.03.10"]
[SourceQuality "1"]

1. e4 e5 2. Nf3 Nc6 3. d4 d6 4. dxe5 dxe5 5. Qxd8+ Kxd8 6. Nc3 Nf6 7. Bg5 Bb4 8. 0-0-0+ Bd7 9. Nd5 Be7 10. Nxe7 Kxe7 11. Bb5 a6 12. Bxf6+ gxf6 13. Be2 Rad8 14. Rd2 Be6 15. Rhd1 Bxa2 16. b3 Rhg8 17. Rxd8 Rxd8 18. Kb2 Nb4 19. c3 Bxb3 20. Kxb3 Rxd1 21. Bxd1 Nd3 22. Nd2 Nxf2 23. Be2 Ke6 24. Kb4 f5 25. exf5+ Kxf5 26. Kc4 b5+ 27. Kb4 e4 28. g3 e3 29. Nf1 Ke4 30. Ka5 c6 31. Kxa6 Nd3 32. Kb6 Nc1 33. Bh5 e2 34. Bxe2 Nxe2 35. Kxc6 Nxc3 36. Kc5 Kf3 37. Nd2+ Kg2 38. Kb4 Nd5+ 39. Kxb5 Kxh2 40. Nf3+ Kxg3 41. Ng5 h5 42. Kc4 f6 43. Ne4+ Kg4 44. Kxd5 f5 45. Nf6+ Kg5 46. Nxh5 Kxh5 47. Kd4 Kg4 48. Ke3 Kg3 0-1